00436nam a2200169Ia 4500001001000000003000500010008004100015010001100056040000900067082001600076100002300092245004900115260003200164300001100196650003200207650002700239Para_8977CHAP220125s2000 xx 000 0 und d a207755 cCHAP aPA 646.7 Z4 aZelinski, Ernie J. aTómelo con calma /c por Ernie J. Zelinski aMéxico, D.F. :b Selector a197 p. aMotivación (psicología) aSuperación personal